|
|
|
|
| LEADER |
00000nam a2200000 a 4500 |
| 001 |
vtls011714436 |
| 003 |
SK-MaSNL |
| 005 |
20260301044152.0 |
| 008 |
251112 1728 gw 000 0 lat |
| 015 |
|
|
|a SNBHFA1728
|
| 035 |
|
|
|a urn:nbn:sk:snk-am00csxz
|
| 035 |
|
|
|a urn:nbn:sk:snk-am3huij
|
| 035 |
|
|
|a 09798773-8A38-47FD-8D8A-86BC95F00048
|
| 040 |
|
|
|a SNK
|b slo
|c SNK
|e AACR2
|
| 041 |
0 |
|
|a lat
|
| 044 |
|
|
|a gw
|c DE
|
| 072 |
|
7 |
|a 51
|x Matematika
|2 konspekt
|
| 080 |
|
|
|a 51
|2 2011
|
| 100 |
1 |
|
|a Hase, Johann Matthias,
|d 1684-1742
|4 aut
|9 350159
|
| 245 |
1 |
0 |
|a Rector Academiae VVittenbergensis Io. Matthias Hasivs Math. P.P.O Civibvs Academicis S.P.D.
|
| 246 |
3 |
0 |
|a Civibvs Academicis S.P.D.
|
| 260 |
|
|
|a (Vitembergae)
|b (Expressit Christianvs Zimmermannvs Acad. Typ.)
|c (M DCC XXIIX) [=1728]
|
| 300 |
|
|
|a [8] s.
|c 20 cm
|
| 500 |
|
|
|a Rok vydania rímskymi číslicami, vineta, iniciálka s ornamentálnym pozadím na 12 r., kustódy
|
| 501 |
|
|
|a Príväzok 18. k: JAN, Johann Wilhelm. Rector Academiae Wittebergensis Ioannes Gvilielmvs Ianvs S. Theol. D. Et P. P. Alvmnorvm Regio-Electoralivm Ephorvs Cives Academicos Ad Contemplandos Frvctvs Resvrrectionis Christi Amanter Invitat. Vitembergae: Literis Schroederianis, M DCC XXV.
|5 SNK IC 143406
|
| 546 |
|
|
|a Latinčina
|b Antikva
|b Kurzíva
|
| 546 |
|
|
|a Gréčtina
|b Grécka abceda
|
| 550 |
|
|
|a Tlačiarenské údaje získane z kolofónu
|
| 561 |
|
|
|a Z knižnice Učenej spoločnosti malohontskej
|5 SNK IC 143406/prív.18
|
| 650 |
0 |
7 |
|a matematika
|2 SNKPH
|9 70174
|
| 655 |
|
7 |
|a promočné tlače
|2 SNKPH
|9 73127
|
| 710 |
2 |
|
|a Učená spoločnosť malohontská
|4 fmo
|9 205374
|
| 710 |
0 |
|
|a Zimmermann, Christian (Wittenberg, Nemecko),
|d 1726-1728
|4 prt
|9 350160
|
| 752 |
|
|
|a Nemecko
|d Wittenberg
|
| 852 |
|
|
|a snk
|b Historické fondy
|p IC 143406/prív.18
|
| 958 |
|
|
|a ONDV
|
| 999 |
|
|
|c 595367
|d 597297
|
| 952 |
|
|
|t MHC II.A.d.6
|a SNK
|b SNK
|c SNK_HF
|y PREZ
|7 0
|p 17A1298799
|o snkIC 143406/prív.18
|i snk2017/20044
|8 5
|0 0
|1 0
|4 0
|d 2017-10-09
|f 1
|l 0
|r 2026-02-23 15:37:11
|w 2026-02-23
|